Statistical methods in research and production (Record no. 23309)

MARC details
000 -LEADER
fixed length control field 00352nam a2200133Ia 4500
082 ## - DEWEY DECIMAL CLASSIFICATION NUMBER
Classification number 31:338
Item number DAV
245 #0 - TITLE STATEMENT
Title Statistical methods in research and production
250 ## - EDITION STATEMENT
Edition statement Ed.4
260 ## - PUBLICATION, DISTRIBUTION, ETC. (IMPRINT)
Place of publication Edinburg
Name of publisher Oliver and Boyd
Year of publication 1947
700 ## - ADDED ENTRY--PERSONAL NAME
Personal name Davies, Owen L
700 ## - ADDED ENTRY--PERSONAL NAME
Personal name Goldsmith, Peter
942 ## - ADDED ENTRY ELEMENTS (KOHA)
Koha item type Books
Holdings
Withdrawn status Lost status Damaged status Not for loan Home library Current library Date acquired Cost, normal purchase price Full call number Accession Number Koha item type
        RRII Library RRII Library 16/12/2021 100.00 31:338 DAV 04009 Books